Raj bhasha hindi vyakaran: (Record no. 108203)
[ view plain ]
| 000 -LEADER | |
|---|---|
| fixed length control field | 00604nam a2200205Ia 4500 |
| 003 - CONTROL NUMBER IDENTIFIER | |
| control field | OSt |
| 005 - DATE AND TIME OF LATEST TRANSACTION | |
| control field | 20250131144104.0 |
| 008 - FIXED-LENGTH DATA ELEMENTS--GENERAL INFORMATION | |
| fixed length control field | 210210b1999 xxu||||| |||| 00| 0 eng d |
| 040 ## - CATALOGING SOURCE | |
| Transcribing agency | AL |
| 041 ## - LANGUAGE CODE | |
| Language code of text/sound track or separate title | hin |
| 082 ## - DEWEY DECIMAL CLASSIFICATION NUMBER | |
| Classification number | H491.5 VIRR |
| 100 ## - MAIN ENTRY--PERSONAL NAME | |
| Personal name | VIRAT (Vishnu Chaturvedi): |
| 9 (RLIN) | 196722 |
| 110 ## - MAIN ENTRY--CORPORATE NAME | |
| Subordinate unit | विराट (विष्णु चतुर्वेदी) |
| 9 (RLIN) | 196723 |
| 245 ## - TITLE STATEMENT | |
| Title | Raj bhasha hindi vyakaran: |
| Remainder of title | राज भाषा व्याकरण |
| 260 ## - PUBLICATION, DISTRIBUTION, ETC. | |
| Place of publication, distribution, etc. | Mathura |
| Name of publisher, distributor, etc. | Amar Prakashan |
| Date of publication, distribution, etc. | 1999 |
| 300 ## - PHYSICAL DESCRIPTION | |
| Extent | 160 |
| 690 ## - LOCAL SUBJECT ADDED ENTRY--TOPICAL TERM (OCLC, RLIN) | |
| Topical term or geographic name as entry element | Hindi Grammar |
| 9 (RLIN) | 196724 |
| 906 ## - LOCAL DATA ELEMENT F, LDF (RLIN) | |
| a | 061372 |
| 942 ## - ADDED ENTRY ELEMENTS (KOHA) | |
| Source of classification or shelving scheme | Dewey Decimal Classification |
| Koha item type | Book |
| Withdrawn status | Lost status | Source of classification or shelving scheme | Damaged status | Not for loan | Collection code | Home library | Current library | Date acquired | Source of acquisition | Cost, normal purchase price | Total Checkouts | Full call number | Barcode | Date last seen | Price effective from | Koha item type |
|---|---|---|---|---|---|---|---|---|---|---|---|---|---|---|---|---|
| Dewey Decimal Classification | Hindi | St Aloysius Library | St Aloysius Library | 02/17/2021 | Alka Prakashan Kanpur-208007 | 125.00 | H491.5 VIRR | 061372 | 02/17/2021 | 02/17/2021 | Book |